| 000 | 00449nam a22001577a 4500 | ||
|---|---|---|---|
| 003 | OSt | ||
| 005 | 20250416104342.0 | ||
| 008 | 231018s2022 ag ||||| |||| 00| 1 spa d | ||
| 040 | _cbesoc | ||
| 100 | 1 |
_aLópez Gagliardo, Natalia _d(1987-), _eautor |
|
| 245 | 1 | 4 |
_aLos tarados / _cNatalia López Gagliardo |
| 260 |
_aRosario : _bemr, _c2022 |
||
| 300 | _a16 p. | ||
| 650 | 4 |
_aLiteratura argentina _vCuento _xSiglo XXI _xColección juvenil |
|
| 942 |
_2udc _cOG _n0 |
||
| 999 |
_c471 _d471 |
||